Państwa dostępne w GeoGuessr - Statystyki

Ogólne statystyki
  • Ten quiz został rozwiązany 82 razy
  • Średni wynik to 75 z 90
Odpowiedzi na mapie
Odpowiedzi zakodowano w zielono-czerwonej skali na mapie do tego quizu, zgodnie z poniższymi procentami.
 
Statystyki odpowiedzi
Odpowiedź % Poprawnych
Stany Zjednoczone
97%
Polska
96%
Brazylia
94%
Kanada
94%
Meksyk
94%
Argentyna
91%
Boliwia
91%
Chile
91%
Ekwador
91%
Kolumbia
91%
Niemcy
91%
Peru
91%
Urugwaj
91%
Rosja
90%
Albania
88%
Austria
88%
Belgia
88%
Dania
88%
Francja
88%
Grecja
88%
Hiszpania
88%
Holandia
88%
Irlandia
88%
Norwegia
88%
Portugalia
88%
Słowacja
88%
Słowenia
88%
Słowenia
88%
Szwecja
88%
Turcja
88%
Ukraina
88%
Wielka Brytania
88%
Włochy
88%
Australia
87%
Bułgaria
87%
Chorwacja
87%
Czechy
87%
Estonia
87%
Finlandia
87%
Indie
87%
Islandia
87%
Izrael
87%
Kazachstan
87%
Litwa
87%
Łotwa
87%
Luksemburg
87%
Nowa Zelandia
87%
Południowa Afryka/RPA
87%
Rumunia
87%
Szwajcaria
87%
Tajlandia
87%
Gwatemala
85%
Indonezja
85%
Japonia
85%
Macedonia
85%
Malezja
85%
Nigeria
85%
Panama
85%
Serbia
85%
Węgry
85%
Zjednoczone Emiraty Arabskie
85%
Mongolia
84%
Czarnogóra
82%
filipiny
82%
Tajwan
82%
Bangladesz
81%
Dominikana
81%
Kambodża
81%
Korea Południowa
81%
Oman
81%
Kenia
79%
Lesotho
79%
Senegal
79%
Eswatini
78%
Kirgistan
78%
Tunezja
78%
Ghana
76%
Sri Lanka
76%
laos
75%
Katar
74%
Botswana
72%
Malta
71%
Uganda
66%
Rwanda
65%
Wietnam
62%
bhutan
59%
Liban
59%
Madagaskar
56%
Singapur
53%
Syria
28%
Nie znaleziono quizów pasujących do podanych kryteriów
Rozkład punktacji
Procent ludzi z każdym wynikiem
Percentyl według liczby udzielonych odpowiedzi
Twoja historia wyników
Nie rozwiązałeś tego quizu